00423nam a2200169Ia 4500003000400000005001700004008004100021020001500062040000700077041000800084082002300092100002100115245004900136260004000185300001500225365001300240OSt20230511150644.0210423s2007 xx 000 0 und d a8130900386 cAL aeng a574.19245 DAYK223 aDAYANANDA (K S). aProtein purification: theory and techniques. aNew DelhibViva Books Pvt Ltdc2007 avi,226bPB b495cINR